00667cam a22001811 450000100100000000500170001000800410002704000250006808200110009310000400010424500710014426000390021530000190025450400410027365000410031495201130035599900170046800001296020200929163117.0780719s1970 ck 000 0 spa  aDO-SdBNPbspacBNPHU axxbxx1 aRodriguez, Gustavo Humberto.92987110aPruebas penales colombianas /c[por] Gustavo Humberto Rodriguez R. aBogota, :bEditorial Temis,c1970. a2 v. ;c23 cm. aIncludes bibliographical references. 0aEvidence, criminalzColombia.929872 001052728MOaGRbGRcBDd2009-11-18iLF1l0ov.1p12960-10r2020-06-25w2020-06-25y2ZPréstamo interno c12608d12608